English-Filipino, Filipino-English dictionary / (Record no. 2077)

MARC details
000 -LEADER
fixed length control field 00561nam a2200193 4500
003 - CONTROL NUMBER IDENTIFIER
control field OSt
005 - DATE AND TIME OF LATEST TRANSACTION
control field 20240708021519.0
008 - FIXED-LENGTH DATA ELEMENTS--GENERAL INFORMATION
fixed length control field 240708b |||||||| |||| 00| 0 eng d
040 ## - CATALOGING SOURCE
Original cataloging agency DWCL-Main lib.
Transcribing agency OC
082 ## - DEWEY DECIMAL CLASSIFICATION NUMBER
Classification number Res. 423 En58 2008
006 - FIXED-LENGTH DATA ELEMENTS--ADDITIONAL MATERIAL CHARACTERISTICS
fixed length control field a
245 ## - TITLE STATEMENT
Title English-Filipino, Filipino-English dictionary /
260 ## - PUBLICATION, DISTRIBUTION, ETC.
Place of publication, distribution, etc. Manila :
Name of publisher, distributor, etc. Harmony Pub. House,
Date of publication, distribution, etc. c2008.
300 ## - PHYSICAL DESCRIPTION
Other physical details 192 p. ;
Dimensions 17 cm.
650 ## - SUBJECT ADDED ENTRY--TOPICAL TERM
Topical term or geographic name entry element 1. English language-Dictionaries.
650 ## - SUBJECT ADDED ENTRY--TOPICAL TERM
Topical term or geographic name entry element 2. Filipino language-Dictionaries.
700 ## - ADDED ENTRY--PERSONAL NAME
Personal name N. J. Velasco
942 ## - ADDED ENTRY ELEMENTS (KOHA)
Source of classification or shelving scheme Dewey Decimal Classification
Suppress in OPAC No
Koha item type Book Circulation
Call number prefix Circ.
Holdings
Withdrawn status Lost status Source of classification or shelving scheme Damaged status Not for loan Home library Current library Date acquired Source of acquisition Total Checkouts Full call number Barcode Date last seen Copy number Price effective from Koha item type Uniform Resource Identifier
    Dewey Decimal Classification     College Library College Library 12/14/2009 Donation   Res. 423 En58 2008 46958 07/08/2024 c1 07/08/2024 Book Circulation
    Dewey Decimal Classification     College Library College Library 12/14/2009 Donation   Res. 423 En58 2008 46959 07/08/2024 c2 07/08/2024 Book Circulation
    Dewey Decimal Classification     College Library College Library 12/14/2009 Donation   Res. 423 En58 2008 46961 07/08/2024 c3 07/08/2024 Book Circulation
    Dewey Decimal Classification     College Library College Library 12/14/2009 Donation   Res. 423 En58 2008 46962 07/08/2024 c4 07/08/2024 Book Circulation
    Dewey Decimal Classification     College Library College Library 12/14/2009 Donation   Res. 423 En58 2008 46963 07/08/2024 c5 07/08/2024 Book Circulation
    Dewey Decimal Classification     College Library College Library 12/14/2009 Donation   Res. 423 En58 2008 46965 07/08/2024 c6 07/08/2024 Book Circulation
    Dewey Decimal Classification     College Library College Library 12/14/2009 Donation   Res. 423 En58 2008 46966 07/08/2024 c7 07/08/2024 Book Circulation
    Dewey Decimal Classification     College Library College Library 12/14/2009 Donation   Res. 423 En58 2008 46967 07/08/2024 c8 07/08/2024 Book Circulation